Pozycja Topical Term
Liczba rekordów, w których użyto hasła: 1
001 - Numer kontrolny
- control field: 40176
003 - Identyfikator numeru kontrolnego
- control field: NUKAT
005 - Data i czas ostatniej modyfikacji
- control field: 20260416131400.0
008 - Dane kontrolne kodowane (40 znaków)
- fixed length control field: 970407 ||a|znnbabn |a ana |c
010 ## - Numer kontrolny Biblioteki Kongresu
- numer kontrolny LC: s 97052250
040 ## - Instytucja sporządzająca rekord
- inst. przygot. dane do rek. khw: WR U/DZ
- język haseł przedmiotowych/tezaurus: kaba
- inst. wprow. rek. khw: WA U/BR
- inst. modyf. rek. khw: WA U/MM
083 #4 - DEWEY DECIMAL CLASSIFICATION NUMBER
- pojed. symbol lub pocz. z zakr. symboli: 320
- określenie wyjaśniające: Nauki polityczne
083 #4 - DEWEY DECIMAL CLASSIFICATION NUMBER
- pojed. symbol lub pocz. z zakr. symboli: 340
- określenie wyjaśniające: Prawo
083 #4 - DEWEY DECIMAL CLASSIFICATION NUMBER
- pojed. symbol lub pocz. z zakr. symboli: 940
- określenie wyjaśniające: Historia Europy
083 #4 - DEWEY DECIMAL CLASSIFICATION NUMBER
- pojed. symbol lub pocz. z zakr. symboli: 943.8
- określenie wyjaśniające: Historia Polski
150 ## - Hasło - nazwa pospolita
- nazwa posp. lub nazwa geogr. na pocz.: Pakt o nieagresji niemiecko-radziecki (1939).
450 ## - Trop zob. - nazwa pospolita
- nazwa posp. lub nazwa geogr. na pocz.: Pacte de non-agression germano-sovietique (1939) [f]
450 ## - Trop zob. - nazwa pospolita
- nazwa posp. lub nazwa geogr. na pocz.: Germany. Treaties, etc. Soviet Union, 1939 August 23. [c]
450 ## - Trop zob. - nazwa pospolita
- nazwa posp. lub nazwa geogr. na pocz.: Pakt hitlerowsko-sowiecki (1939).
450 ## - Trop zob. - nazwa pospolita
- nazwa posp. lub nazwa geogr. na pocz.: Pakt o neutralności niemiecko-radziecki (1939).
450 ## - Trop zob. - nazwa pospolita
- nazwa posp. lub nazwa geogr. na pocz.: Pakt Ribbentrop-Mołotow (1939).
450 ## - Trop zob. - nazwa pospolita
- nazwa posp. lub nazwa geogr. na pocz.: Traktat niemiecko-radziecki (1939).
450 ## - Trop zob. - nazwa pospolita
- nazwa posp. lub nazwa geogr. na pocz.: Układ Ribbentrop-Mołotow (1939).
550 ## - Trop zob. też - nazwa pospolita
- podpole kontrolne: g
- nazwa posp. lub nazwa geogr. na pocz.: Stosunki międzynarodowe
- określnik chronologiczny: 1933-1945.
670 ## - Źródło informacji
- źródło informacji: RAMEAU